| 000 | 00358 a2200169 4500 | ||
|---|---|---|---|
| 001 | 195455 | ||
| 020 | _a978-85-08-1614-0 | ||
| 040 | _cMagnum | ||
| 100 | _aCarrasco, Walcyr | ||
| 240 | 1 | 0 |
_aVeneno digital _lpor |
| 245 | 1 | 0 | _aVeneno digital |
| 300 | _a136 | ||
| 362 | 0 | _a2013 | |
| 440 | 1 | _aÁtica | |
| 697 | _aLITERATURA INFANTO-JUVENIL | ||
| 942 | _cBK | ||
| 999 |
_c195455 _d195455 |
||